00538nam a2200157 i 450000100060000000300090000600500170001500700030003200800410003510000370007624501150011326000580022830000200028660000500030685200240035630504ES-MaACL20230906154215.0t|030124s1892 fr ||||1| fre d1 aBarthelemy Saint-Hilaire, Jules.10aTraduction generale d'Aristote b: table alphabétique des matières / cpar Jules Barthelemy Saint-Hilaire. aParís : bFélix Alcan, c1892 (fChartres-Durand) a2 v. ; c24 cm.04aAristóteles-xCrítica e interpretación. aES-MaACLjF-8735-36